000 00531nam a2200181Ia 4500
005 20250508160111.0
008 008 250505s9999 xx 000 0 eng d
037 _aTextual
040 _aFEDL
_beng
_cFEDL
041 _aeng
_2eng
084 _a910.7, NCE
_qFEDL
245 0 _aAfrica and Asia : A geography textbook for middle schools Part one
245 0 _cNational Council of Educational Research and Training
260 _c1969
300 _a151p.
942 _cTEXL
_h910.7, NCE
999 _c1361709
_d1361709